Autrices françaises par image - Statistiques

Statistiques générales
  • Ce quiz a été pris 4 375 fois
  • Le résultat moyen est 6 sur 16
Statistiques - réponses
Par images Réponse % Correct
Simone Veil
94%
George Sand
77%
Simone de Beauvoir
75%
Marguerite Yourcenar
46%
Colette
44%
Olympe de Gouges
42%
Marguerite Duras
40%
Françoise Sagan
32%
Virginie Despentes
27%
Madame de La Fayette
25%
Annie Ernaux
23%
Leïla Slimani
23%
Comtesse de Ségur
16%
Virginie Grimaldi
13%
Marie NDiaye
8%
Judith Gautier
3%
Aucun quiz correspondant
Distribution des résultats
% des personnes avec chaque résultat
Percentile par nombre de réponses
Votre historique - résultats
Vous n’avez pas pris ce quiz